[Event "Final Kubka SZFO 2019 A"]
[Site "?"]
[Date "2019.12.14"]
[Round "6"]
[White "Nesterov, A."]
[Black "Meshkovs, N."]
[Result "0-1"]
[WhiteElo "2482"]
[BlackElo "2558"]
[Annotator ",user"]
[PlyCount "70"]
[EventDate "2019.12.14"]
[SourceDate "2019.12.14"]

1. d4 d5 2. c4 e6 3. Nf3 a6 4. cxd5 exd5 5. Nc3 Nf6 6. Bg5 Be6 7. Qb3 Nbd7 8.
Qxb7 Rb8 9. Qxa6 Rxb2 10. Bc1 Rb6 11. Qd3 Bb4 12. Bd2 Qa8 13. e3 Ne4 14. Be2
Bf5 15. Nh4 Nxd2 16. Qxd2 Rc6 17. Rc1 Rxc3 18. O-O Rxc1 19. Qxc1 Be6 20. f4 Nf6
21. Bb5+ Bd7 22. Bxd7+ Kxd7 23. Qb1 Rb8 24. Qf5+ Kd8 25. g4 Qa3 26. Ng2 Qxa2
27. g5 Ne8 28. Qxf7 Bd6 29. Qh5 Qc2 30. f5 Rb2 31. Qh3 Ke7 32. Qf3 c6 33. f6+
gxf6 34. gxf6+ Kf7 35. Qh3 Nxf6 0-1

[Event "Final Kubka SZFO 2019 A"]
[Site "?"]
[Date "2019.12.14"]
[Round "6"]
[White "Moiseenko, V."]
[Black "Teterev, V."]
[Result "1-0"]
[WhiteElo "2526"]
[BlackElo "2474"]
[Annotator ",user"]
[PlyCount "79"]
[EventDate "2019.12.14"]
[SourceDate "2019.12.14"]

1. e4 c5 2. Nf3 e6 3. d4 cxd4 4. Nxd4 a6 5. Bd3 Qc7 6. O-O Nf6 7. Qe2 d6 8. f4
Nbd7 9. Be3 Nc5 10. Nd2 Be7 11. b4 Nxd3 12. cxd3 O-O 13. g4 g6 14. Rac1 Qd8 15.
f5 exf5 16. gxf5 Nh5 17. Nc2 Bd7 18. Nc4 d5 19. exd5 Re8 20. Qg2 Bf8 21. a3 b5
22. Nd2 Bg7 23. fxg6 hxg6 24. Ne4 Bf5 25. Bd4 Qxd5 26. Bxg7 Kxg7 27. Ne3 Qd4
28. Qf2 Qxd3 29. Nxf5+ gxf5 30. Qg2+ Kh8 31. Ng5 Qe3+ 32. Kh1 Ra7 33. Nf3 Qh6
34. Nd4 f4 35. Nf5 Qh7 36. Rc5 f6 37. Qf3 Rg8 38. Rd1 Rf7 39. Nh6 Rd7 40. Rxd7
1-0

[Event "Final Kubka SZFO 2019 A"]
[Site "?"]
[Date "2019.12.14"]
[Round "6"]
[White "Gogolev, A."]
[Black "Lintchevski, D."]
[Result "0-1"]
[WhiteElo "2339"]
[BlackElo "2538"]
[Annotator ",user"]
[PlyCount "102"]
[EventDate "2019.12.14"]
[SourceDate "2019.12.14"]

1. d4 e6 2. Nf3 Nf6 3. g3 b5 4. Bg2 Bb7 5. a4 b4 6. O-O c5 7. c3 Na6 8. Re1 Be7
9. Bg5 O-O 10. Nbd2 Rc8 11. Qb1 bxc3 12. bxc3 Rb8 13. Bxf6 Bxf6 14. Qd1 cxd4
15. cxd4 Nb4 16. Ne5 Bxg2 17. Kxg2 Rc8 18. Rc1 Rxc1 19. Qxc1 Bxe5 20. dxe5 Qa5
21. Qb2 Nc6 22. Nf3 Qxa4 23. Ra1 Qe4 24. Qb7 g5 25. h3 h5 26. Rd1 Rd8 27. Kf1
Rb8 28. Qxd7 Rd8 29. Qxd8+ Nxd8 30. Rxd8+ Kg7 31. Rd7 Qb1+ 32. Kg2 g4 33. hxg4
hxg4 34. Ng5 Qb6 35. Nxe6+ Qxe6 36. Rxa7 Qxe5 37. e3 Qd5+ 38. Kh2 Qb5 39. Kg2
Kf6 40. Ra1 Qc6+ 41. Kg1 Qc2 42. Ra5 Ke6 43. Kg2 f5 44. Kg1 Qc3 45. Ra7 Qc1+
46. Kg2 Qc6+ 47. Kg1 Ke5 48. Re7+ Kd5 49. Kh2 Qb5 50. Kg1 Kc4 51. Re6 Kd3 0-1

[Event "Final Kubka SZFO 2019 A"]
[Site "?"]
[Date "2019.12.14"]
[Round "6"]
[White "Keinanen, T."]
[Black "Gazik, V."]
[Result "1-0"]
[WhiteElo "2447"]
[BlackElo "2498"]
[Annotator ",user"]
[PlyCount "115"]
[EventDate "2019.12.14"]
[SourceDate "2019.12.14"]

1. Nf3 Nc6 2. e4 Nf6 3. Nc3 e5 4. a3 d5 5. Bb5 d4 6. Ne2 Nxe4 7. d3 Nf6 8. Nxe5
Qd5 9. Bxc6+ bxc6 10. Nf3 c5 11. O-O Bd6 12. Nf4 Qf5 13. Re1+ Kf8 14. Ne2 Bb7
15. Ng3 Qd5 16. Bd2 h5 17. Ne4 Re8 18. Nxd6 cxd6 19. Bf4 h4 20. h3 Rh5 21. Qd2
Rf5 22. Rxe8+ Kxe8 23. Bh2 Kf8 24. Qe2 g5 25. Ne1 Kg7 26. c3 dxc3 27. bxc3 Nd7
28. c4 Qc6 29. Qg4 Kf6 30. f4 gxf4 31. Qxh4+ Ke6 32. Bxf4 Ne5 33. Bxe5 dxe5 34.
Qg4 Qd6 35. Rb1 Bc6 36. Rb2 Qd4+ 37. Qxd4 cxd4 38. Rf2 Rg5 39. g4 Rg8 40. Kh2
f6 41. Rb2 f5 42. gxf5+ Kxf5 43. Rf2+ Ke6 44. Nf3 Bxf3 45. Rxf3 e4 46. Rf4 exd3
47. Rxd4 Rc8 48. Rxd3 Rxc4 49. Kg3 Ra4 50. Kf3 Ke5 51. Ke3 Kf5 52. Kd2 Kg5 53.
Kc2 Kh4 54. Kb3 Re4 55. Kc3 Re6 56. Kb4 Re5 57. a4 a5+ 58. Kc4 1-0

[Event "Final Kubka SZFO 2019 A"]
[Site "?"]
[Date "2019.12.14"]
[Round "6"]
[White "Kazakouski, V."]
[Black "Triapishko, A."]
[Result "0-1"]
[WhiteElo "2485"]
[BlackElo "2502"]
[Annotator ",user"]
[PlyCount "106"]
[EventDate "2019.12.14"]
[SourceDate "2019.12.14"]

1. d4 Nf6 2. Nf3 e6 3. c4 d5 4. g3 dxc4 5. Bg2 Bb4+ 6. Bd2 c5 7. Bxb4 cxb4 8.
Ne5 O-O 9. Nxc4 Nc6 10. e3 e5 11. d5 b5 12. dxc6 Qxd1+ 13. Kxd1 bxc4 14. Nd2
Bg4+ 15. Kc1 Be6 16. Rd1 Rac8 17. a3 b3 18. Nb1 Ng4 19. Rd2 f5 20. h3 Nf6 21.
Nc3 e4 22. Rd6 Kf7 23. Nb5 Ke7 24. Bf1 Bf7 25. c7 Be8 26. Nxa7 Rxc7 27. Ra6 Bd7
28. Kd2 Ra8 29. Nb5 Rxa6 30. Nxc7 Ra7 31. Bxc4 Rxc7 32. Bxb3 Be6 33. Bd1 Rd7+
34. Kc1 Nd5 35. b4 Kd6 36. Kb2 Nb6 37. Rc1 Nc4+ 38. Ka2 Ra7 39. a4 Nxe3+ 40.
Kb2 Nc4+ 41. Kc3 Ne5 42. Ra1 Rc7+ 43. Kd2 Nd3 44. b5 Kc5 45. Be2 Rd7 46. Ke3 g5
47. f4 gxf4+ 48. gxf4 Rg7 49. Rb1 Rg3+ 50. Kd2 Ba2 51. Ra1 Bc4 52. Rb1 Nxf4 53.
b6 e3+ 0-1